00521nam a2200169 i 4500003000900000005001700009007000300026008004100029040003000070082001300100245003400113264009100147300002400238336002700262337003400289338002800323DO-SdBNP20230925084603.0ta110413s200? dr d 000 0 spa d aDO-SdBNPbspacBNPHUerda bT14722210aTaller desaroollo empresarial 1aSanto Domingo :bFundación Dominicana de Desarrollo (FDD),c[fecha no identificada]. a112 paginasc29 cm. 2rdacontentatextobtxt 2rdamediaasin mediación bn 2rdacarrieravolumenbnc